000 00289nam a2200121Ia 4500
008 190216s9999||||xx |||||||||||||| ||und||
100 _aNull
245 0 _aSimple History Of Ancient India
260 _bSurjeet Pubs.Delhi
_c1985
300 _a598p
650 _aIndian History
942 _cBK
999 _c19347
_d19347